000 00685nam a22001937a 4500
005 20100814162013.0
010 _aENG-100384
020 _a9788190723978
_c30.00
035 _aEN-83916
037 _bDBAD/PUB
082 _a581
100 _aMuralidharan, G.
_913628
245 _aPlant biology & bio informatics :
_bresearch methodology /
_cby G. Muralidharan
260 _aChennai
_bSeethai Pathippagam
_c2008
270 _a17/1, Thachi Arunachalam Street, Mulapore
_bChennai
_e600004
300 _a80p.
_c21cm (pbk)
_eb&w photo
942 _2ddc
_cEN
_h581
_mMUR
999 _c42016
_d42016